Najlepsi piłkarze MS2022 - Statystyki

Ogólne statystyki
  • Ten quiz został rozwiązany 136 razy
  • Średni wynik to 3 z 10
Statystyki odpowiedzi
Hint Odpowiedź % Poprawnych
2 Lionel Messi
98%
10 Kylian Mbappe
89%
3 Wojciech Szczesny
36%
4 Antoine Griezmann
13%
1 Bruno Fernandes
13%
6 Rodri
6%
8 Andreas Christensen
3%
7 Bakayo Saka
2%
9 Casemiro
2%
5 Joshua Kimmich
2%
Nie znaleziono quizów pasujących do podanych kryteriów
Rozkład punktacji
Procent ludzi z każdym wynikiem
Percentyl według liczby udzielonych odpowiedzi
Twoja historia wyników
Nie rozwiązałeś tego quizu